000
00337nam a2200145Ia 4500
005
20251222141833.0
008
251222s9999||||xx |||||||||||||| ||spa||
020
_a
8401379385
082
_a
823.92/H76
100
_a
Horsfall, Rebecca
245
0
_a
Bailando sobre Espinas
250
_a
1ra.ed.
264
_b
Plaza & Janés
942
_c
LIB
999
_c
7181
_d
7181